Turkey National Football Team: Caps - Statistics

General Stats
  • This quiz has been taken 148 times
    116 since last reset
  • The average score is 10 of 24
Answer Stats
Caps Position Time Player % Correct
120 GK 1994-2012 Rüştü Reçber
82%
100 MF 2006-2017 Arda Turan
81%
66 FW 2006- Burak Yılmaz
80%
112 FW 1992-2007 Hakan Şükür
76%
63 GK 2004-2014 Volkan Demirel
67%
101 MF 2000-2019 Emre Belözoğlu
66%
102 DF 1990-2005 Bülent Korkmaz
52%
69 FW 2000-2010 Nihat Kahveci
44%
61 MF 2007-2017 Selçuk İnan
41%
80 FW 2002-2010 Tuncay Şanlı
41%
82 MF 2004-2014 Hamit Altıntop
40%
94 MF 1990-2007 Tugay Kerimoğlu
40%
59 DF 2006- Caner Erkin
39%
66 DF 2007-2019 Gökhan Gönül
38%
81 MF 2008- Mehmet Topal
38%
90 DF 1995-2005 Alpay Özalan
26%
59 MF 2014- Ozan Tufan
24%
59 DF 2003-2011 Servet Çetin
24%
60 FW 1994-2003 Arif Erdem
20%
70 MF 1988-1998 Oğuz Çetin
16%
58 DF 1988-1997 Recep Çetin
14%
64 DF 1997-2004 Fatih Akyel
11%
68 MF 1993-2003 Abdullah Ercan
8%
76 DF 1990-2002 Ogün Temizkanoğlu
7%
No matching quizzes found
Score Distribution
Percent of People with Each Score
Percentile by Number Answered
Your Score History
You have not taken this quiz since the last reset